000 00864nam a22001935i 4500
001 164057
003 ES-MaACL
005 20250915063100.0
008 020507s1901 sp |||| | spa d
040 _aCAM
_bspa
_cCAM
100 1 _aRovira y Serra, Manuel,
_d1865-1929
_9132129
245 1 0 _aSin gobierno
_b: comedia en tres actos /
_cM. Rovira y Serra.
260 _aBarcelona :
_b[s.n.],
_c1901 (
_ftipografía de Joaquín Collazos)
300 _a80 p. ;
_c20 cm.
500 1 _aEstrenada en el teatro Principal de Barcelona, por la Compañía de E. Sánchez de León y Carlota Lamadrid, la noche del 14 de diciembre de 1901.
596 1 _aEn verso de antep. consta: "... de la Sociedad de Autores Españoles ..."
852 _aES-MaACL
_jG-3519(3)
_z-- Enc. hol., falto de la cub. original
_z-- Enc. en un vol. facticio
999 _c164057
_d164057